000
00320 a2200157 4500
001
164487
020
_a
040
_c
Magnum
100
_a
Arruda, Jose Jobson
240
1
0
_a
Historia total/v.1
_l
por
245
1
0
_a
Historia total/v.1
362
0
_a
1899
440
1
_a
Ática
697
_a
PARADIDATICO
942
_c
BK
999
_c
164487
_d
164487